00842nam a2200229 a 4500008004100000020001500041020001500056050001600071100001600087245003300103260004600136300001000182350000900192490003200201490000700233500002000240650002100260650001400281995015000295995015000445999001700595080109s1974 ||||||||||||||||| || u a0442300077 a0442300077 aQA 10.3 Sou aSouth, G. F10aBoolean algebra and its uses aNew YorkbVan Nostrand and Reinholdc1974 a102p. a0.00 aVNR new mathematics library v 4 aIncludes index. aSWITCHING THEORY aTEXTBOOKS aMAIN LIBRARY OPEN ACCESSD0.00e721815FCBU-MAIN LIBRARY (Kitwe)H2I3.50jQA 10.3 SouM2UAVAILABLEy011073ZMain Library Open Access Collection aMAIN LIBRARY OPEN ACCESSD0.00e713263FCBU-MAIN LIBRARY (Kitwe)H1I3.50jQA 10.3 SouM1UAVAILABLEy011072ZMain Library Open Access Collection c84714d84714